Empresas y tribulaciones de Maqroll El Gaviero / (Registro nro. 11221)

Detalles MARC
000 -CABECERA
Longitud fija campo de control 00912cam a2200253 a 4500
003 - • IDENTIFICADOR DELl NÚMERO DE CONTROL
Identificador del número de control CO-ViMGA
005 - • FECHA Y HORA DE LA ÚLTIMA TRANSACCIÓN
Fecha y hora de la última transacción 20230915224041.0
008 - • CÓDIGOS DE INFORMACIÓN DE LONGITUD FIJA
Códigos de información de longitud fija 020605s2001 sp r 00011dspa d
020 ## - • NÚMERO INTERNACIONAL NORMALIZADO PARA LIBROS
Número Internacional Normalizado para Libros (ISBN) 9588061857
040 ## - FUENTE DE LA CATALOGACIÓN
Centro catalogador de origen CO-ViMGA
Lengua de catalogación spa
Centro transcriptor CO-ViMGA
043 ## - CÓDIGO DE ÁREA GEOGRÁFICA
Código de área geográfica s-ck---
082 04 - • NÚMERO DE LA CLASIFICACIÓN DECIMAL DEWEY
Número de clasificación (R) Co863.6
Número del ítem M874e
100 1# - • PUNTO DE ACCESO PRINCIPAL-NOMBRE DE PERSONA
Nombre de persona Mutis, Alvaro,
Fechas asociadas al nombre 1923-2013
240 #0 - • TÍTULO UNIFORME
Título uniforme <a href="Bogotá-Bibliografía regional">Bogotá-Bibliografía regional</a>
245 10 - • TITULO PROPIAMENTE DICHO
Título Empresas y tribulaciones de Maqroll El Gaviero /
Mención de responsabilidad, etc. Alvaro Mutis.
300 ## - • DESCRIPCI&Oacute;N F&Iacute;SICA
Extensión 774 p. ;
Dimensiones 25 cm.
505 0# - • NOTA DE CONTENIDO CON FORMATO
Nota de contenido con formato v.1 La nieve del almirante ; Ilona llega con la lluvia ; Un bel morir ; La última escala del tramp steamer ; Amirbar ; Abdul Bashur, soñador de navíos ; Tríptico de mar y tierra.
650 14 - • PUNTO DE ACCESO ADICIONAL DE MATERIA - T&Eacute;RMINO DE MATERIA
Término de materia o nombre geográfico como elemento inicial Historias de aventuras.
650 14 - • PUNTO DE ACCESO ADICIONAL DE MATERIA - T&Eacute;RMINO DE MATERIA
Término de materia o nombre geográfico como elemento inicial Novela amorosa.
650 14 - • PUNTO DE ACCESO ADICIONAL DE MATERIA - T&Eacute;RMINO DE MATERIA
Término de materia o nombre geográfico como elemento inicial Novela colombiana.
942 ## - ENTRADA DE ELEMENTOS AGREGADOS (KOHA)
Fuente de clasificaión o esquema Dewey Decimal Classification
Koha [por defecto] tipo de item LIbro
Existencias
Perdido Fuente de clasificaci&oacute;n o esquema Estado Físico No para pr&eacute;stamo Forma de adquisición Localizaci&oacute;n permanente Localizaci&oacute;n actual Fecha adquisici&oacute;n Pr&eacute;stamos totales Signatura completa C&oacute;digo de barras Fecha &uacute;ltima consulta Fecha del precio de reemplazo Tipo de item de Koha
  Dewey Decimal Classification     Sala General Biblioteca Barrio Emporio - Villavicencio Biblioteca Barrio Emporio - Villavicencio 09/07/2017   Co 863.6 M874e 31591 09/07/2017 09/07/2017 LIbro









Instituto Departamental de Cultura del Meta - Red Departamental de Bibliotecas Públicas del Meta.